ՀՀ Գիտությունների ազգային ակադեմիայի հիմնարար գիտական գրադարան  =   Fundamental Scientific Library of NAS RA

Նոր հանելուկներ ու կռահուկներ : (Record no. 534614)

MARC details
000 -LEADER
fixed length control field 00663nam a2200181 a 4500
001 - CONTROL NUMBER
control field 000846605
003 - CONTROL NUMBER IDENTIFIER
control field AM-YEHGA
005 - DATE AND TIME OF LATEST TRANSACTION
control field 20250915103529.0
008 - FIXED-LENGTH DATA ELEMENTS--GENERAL INFORMATION
fixed length control field 111116s1973 le r 000 0 arm d
040 ## - CATALOGING SOURCE
Original cataloging agency AM-YEHGA
041 0# - LANGUAGE CODE
Language code of text/sound track or separate title arm
100 1# - MAIN ENTRY--PERSONAL NAME
Personal name Քարտաշ, Խ. Բ
245 10 - TITLE STATEMENT
Title Նոր հանելուկներ ու կռահուկներ :
Remainder of title (Արևմտահայ գրական լեզուով)։ 666 հատ /
Statement of responsibility, etc. Խ. Բ. Քարտաշ (Վէմեան).
260 ## - PUBLICATION, DISTRIBUTION, ETC.
Place of publication, distribution, etc. Պէյրութ :
Name of publisher, distributor, etc. տպ. Սեւան,
Date of publication, distribution, etc. 1973.
300 ## - PHYSICAL DESCRIPTION
Extent 83 էջ ;
Dimensions 19 սմ.
650 17 - SUBJECT ADDED ENTRY--TOPICAL TERM
Topical term or geographic name entry element Հայ գրականություն
General subdivision Թարգմանություններ ռուսերեն
942 ## - ADDED ENTRY ELEMENTS (KOHA)
Source of classification or shelving scheme Universal Decimal Classification
Koha item type Գրքեր / Books
Holdings
Withdrawn status Lost status Damaged status Not for loan Collection Home library Current library Date acquired Total checkouts Full call number Barcode Date last seen Price effective from Koha item type Public note
        Zhamkochyan Individual collection Fundamental Scientific Library Fundamental Scientific Library 05/05/2025   Ժամ/436 FL0690325 05/05/2025 05/05/2025 Գրքեր / Books ILL Non-Circ.


ՀՀ ԳԱԱ հիմնարար գիտական գրադարան
ՀՀ,Երևան 0019
Մարշալ Բաղրամյան 24/6
հեռախոս:(374-10) 52-47-50
Հետադարձ կապ

All site content, except where otherwise noted, is licensed under a
Creative Commons License